000 00417nam a2200145Ia 4500
008 240126s9999 xx 000 0 und d
022 _a0973-5496
041 _aEnglish
245 0 _aInternational Journal of Manufacturing Science and Technology (2011 -
260 _bSerials Publications, India
_aNew Delhi
440 _aNULL
650 _aManufacturing,(2011,-,Mechanical
650 _aMechanical
942 _cJN
999 _c268038
_d268038